Actas del XIII simposio iberoamericano de catálisis.

Guardado en:
Autor Corporativo: Simposio Iberoamericano de Catálisis Segovia)
Formato: Libro
Idioma:Spanish
English
Portuguese
Publicado: [Madrid] : Repsol, 1992.
Materias:
Etiquetas: Agregar Etiqueta
Sin Etiquetas, Sea el primero en etiquetar este registro!
LEADER 00793nam a22002055a 4500
001 EIQ.libpla000766
008 060519s1992####sp#a#####b####101#0#spa#d
005 20060519195642.0
245 1 0 |a Actas del XIII simposio iberoamericano de catálisis. 
260 |a [Madrid] :  |b Repsol,  |c 1992. 
300 |a 2v. :  |b il. ;  |c 23 cm. 
500 |a Papers en español, inglés y portugués. 
504 |a Incluye referencias bibliográficas e índice. 
111 2 |a Simposio Iberoamericano de Catálisis  |n (13º :  |d 1992 :  |c Segovia) 
650 4 |a Catálisis  |x Congresos. 
650 4 |a Catalysis  |x Congresses. 
040 |a AR-BbSID  |b spa  |c AR-BbSID 
041 1 |a spa  |a eng  |a por 
859 |a AR-BbSID  |b BIB. PLAPIQUI  |h 541.395  |i Si 13  |p 3922  |v Vol. 1  |3 Vol. 1 
859 |a AR-BbSID  |b BIB. PLAPIQUI  |h 541.395  |i Si 13  |p 3923  |v Vol. 2  |3 Vol. 2